Contos de meter medo (Registo nº 3790)

Detalhes MARC
000 -Etiqueta do registo
Cabeçalho 00789nam a2200265 4500
005 - Identificador da versão
Campo de controlo 20240813122044.0
010 ## - Número internacional normalizado dos livros (ISBN)
Número (ISBN) 9789895004195
Número (ISBN) 989-50-0419-2
021 ## - Número do Depósito Legal
Código do país PT
Número 245574/06
100 ## - Dados gerais de processamento
Dados gerais de processamento 20081016d2006 c y0pory5003 ba
102 ## - Pais de publicação ou produção
País de publicação Portugal
101 1# - Língua de publicação
Língua do texto, banda sonora, etc. Português
Língua do documento no original Inglês
215 ## - Descrição física 
Indicação específica da natureza do documento e extensão da espécie 184 p.
Outras indicações físicas il.
Dimensões 29 cm
200 1# - Titulo e menção de responsabilidade
Título próprio Contos de meter medo
Primeira menção de responsabilidade Disney Enterprises
Outras menções de responsabilidade trad. Teresa Figueira
210 ## - Publicação, Distribuição, etc. 
Lugar da edição, distribuição, etc. Rio de Mouro
Nome do editor, distribuidor, etc. Everest
Data da publicação, distribuição, etc. [2006?]
Data da impressão imp. 2006
606 ## - Nome comum usado como assunto
Número de registo de entrada de autoridade 0000167
Palavra de ordem Literatura americana
Subdivisão de assunto Conto|2CA
675 ## - Classificação Decimal Universal (CDU)
Notação 821.111(73)-34
Edição 3ª ed.
Língua da edição por
702 #1 - Nome de autor-pessoa física (responsabilidade secundária)
Número de registo de entrada de autoridade 0000213
Palavra de ordem Augusto
Outra parte do nome não tomada para palavra de ordem Teresa
Código de função Tradutor
Número de registo de entrada de autoridade 0000214
Palavra de ordem Disney
Outra parte do nome não tomada para palavra de ordem Walt
Datas 1901-1966
Código de função Antecedente bibliográfico
710 02 - Nome de colectividade-autor (responsabilidade principal)
Número de registo de entrada de autoridade 0000215
Palavra de ordem Walt Disney Productions
942 ## - Elementos de entrada adicionados (Koha)
Tipo de item no Koha Livro
Exemplares
Situação do levantamento Origin of item (home branch) (coded) Biblioteca de empréstimo Código de barras Cota Circulation type (not for loan) Tipo de documento Nota do exemplar Damaged status
  Biblioteca Escolar das Vendas Biblioteca Escolar das Vendas BEV1964 8EST DIS   Livro Sem mensagem